| 000 | 00632nam a22001817a 4500 | ||
|---|---|---|---|
| 999 |
_c15038 _d15038 |
||
| 003 | OSt | ||
| 082 | _2631.3 NEE/EV | ||
| 088 | _aP 19 | ||
| 100 |
_aNEERAJ BHATIA _aVINAYA K. N _93912 |
||
| 245 | _aEvaluation of power - tiller operated paddy transplanter | ||
| 260 |
_aTavanur 1993 _bDepartment of Farm Power Machinery and Energy |
||
| 300 | _a52 | ||
| 500 | _aEvaluation of power - tiller operated paddy transplanter | ||
| 520 | _aEvaluation of power - tiller operated paddy transplanter | ||
| 700 |
_aDr. M Sivaswami (Guide) _93547 |
||
| 856 | _uhttps://drive.google.com/open?id=1vMbXziVhh__gwrBodLzOgyqbQYCFb_vv | ||
| 942 | _cPR | ||